Équipes-types World Rugby - Statistiques

Statistiques générales
  • Ce quiz a été pris 46 fois
    14 depuis la dernière actualisation
  • Le résultat moyen est 39 sur 60
Statistiques - réponses
Année Poste Pays Joueur % Correct
2023 9 Antoine Dupont
100%
2022 9 Antoine Dupont
100%
2025 14 Cheslin Kolbe
100%
2024 14 Cheslin Kolbe
100%
2023 5 Scott Barrett
100%
2023 15 Thomas Ramos
100%
2023 7 Charles Ollivon
92%
2023 1 Cyril Baille
92%
2023 14 Damian Penaud
92%
2022 8 Grégory Alldritt
92%
2022 10 Jonathan Sexton
92%
2025 11 Louis Bielle-Biarrey
92%
2023 8 Ardie Savea
83%
2025 13 Huw Jones
83%
2024 9 Jamison Gibson-Park
83%
2022 7 Josh van der Flier
83%
2025 15 Will Jordan
83%
2024 15 Will Jordan
83%
2023 11 Will Jordan
83%
2022 14 Will Jordan
83%
2023 12 Bundee Aki
75%
2024 12 Damian de Allende
75%
2022 12 Damian de Allende
75%
2024 4 Eben Etzebeth
75%
2023 4 Eben Etzebeth
75%
2023 13 Gary Ringrose
75%
2025 4 Maro Itoje
75%
2025 6 Pieter-Steph du Toit
75%
2024 7 Pieter-Steph du Toit
75%
2025 3 Thomas du Toit
75%
2024 8 Caelan Doris
67%
2023 6 Caelan Doris
67%
2022 5 Sam Whitelock
67%
2024 10 Damian McKenzie
58%
2022 1 Ellis Genge
58%
2024 11 James Lowe
58%
2023 10 Richie Mo'unga
58%
2023 3 Tadhg Furlong
58%
2022 3 Tadhg Furlong
58%
2025 7 Tom Curry
58%
2023 2 Dan Sheehan
50%
2022 15 Freddie Steward
50%
2024 13 Jesse Kriel
50%
2025 2 Malcolm Marx
50%
2024 2 Malcolm Marx
50%
2022 2 Malcolm Marx
50%
2025 10 Sacha Feinberg-Mngomezulu
50%
2025 5 Tadhg Beirne
50%
2024 5 Tadhg Beirne
50%
2022 4 Tadhg Beirne
50%
2025 9 Cam Roigard
33%
2025 1 Ox Nché
33%
2024 1 Ox Nché
33%
2024 6 Pablo Matera
33%
2022 6 Pablo Matera
33%
2022 13 Lukhanyo Am
25%
2024 3 Tyrel Lomax
25%
2025 8 Harry Wilson
17%
2025 12 Len Ikitau
8%
2022 11 Marika Koroibete
8%
Aucun quiz correspondant
Distribution des résultats
% des personnes avec chaque résultat
Percentile par nombre de réponses
Votre historique - résultats
Vous n’avez pas pris ce quiz depuis la dernière actualisation